| 000 | 00000nam##2200000za#4500 |
| 001 | 9.635803 |
| 003 | CaOODSP |
| 005 | 20210624220428 |
| 007 | cr ||||||||||| |
| 008 | 150407|2008||||xxc|||||o f|0| 0 fre|d |
| 020 | |a978-0-662-09984-0 |
| 040 | |aCaOODSP|bfre |
| 043 | |an-cn--- |
| 086 | 1 |aH14-43/1-2008F-PDF |
| 110 | 1 |aCanada. |bSanté Canada. |
| 245 | 10|aQu'est-ce que le diabète? |h[ressource électronique] |
| 246 | 3 |aInitiative sur le diabète chez les Autochtones |
| 260 | |aOttawa - Ontario : |bSanté Canada |c[2008]. |
| 300 | |a1p.|bphotographies |
| 590 | |a12-24-Supp|b2012-05-30 |
| 691 | 07|aDiabète|2gcpds |
| 691 | 07|aAutochtones|2gcpds |
| 775 | 08|tWhat is diabetes? |w(CaOODSP)9.691475 |
| 856 | 40|ahttp://publications.gc.ca|qPDF|s1.73 Mo|uhttps://publications.gc.ca/collections/collection_2012/sc-hc/H14-43-1-2008-fra.pdf |